| 000 | 01456nam a22001577a 4500 | ||
|---|---|---|---|
| 041 | _aukr | ||
| 080 | _a09 | ||
| 090 | _bАЛЕ | ||
| 100 | _aАлексєєнко І. Г. | ||
| 245 | _aЛексико-стилістичний аналіз газетної мови (на основі "Le Monde", грудень 2011 квітень 2012) | ||
| 260 |
_aОстрог _bКАФ _c2012 |
||
| 300 | _a48 | ||
| 520 |
_aРОЗДІЛ 1 ФУНКЦІОНАЛЬНА СПРЯМОВАНІСТЬ ДРУКОВАНИХ ЗМІ ФРАНЦІЇ
1.1 Функції преси
1.2 Комунікативно прагматичний аспект дослідження тестів інтервю в французькій пресі
1.3 Лексичні маркери газетного стилю
1.4 Стилістичні маркери газетного тексту
РОЗДІЛ 2 ЛЕКСИКО-СТИЛІСТИЧНІ ОСОБЛИВОСТІ У ТЕКСТАХ ГАЗЕТИ "Le Monde"
2.1 Стилістичний аналіз публіцистичного тексту на основі газети "Le Monde"
2.1.1 Стилістичні засоби інтервю в газеті "Le Monde"
2.2 Лексичний аналіз публіцистичного тексту на основі газети "Le Monde"
2.2.1 Лексичні засоби інтервю в газеті "Le Monde" _0преса, газета, |
||
| 650 | _aResearch Papers | ||
| 999 |
_c284986 _d284986 |
||
| 942 | _cBK | ||